00265nam a22000737a 4500008004100000082001600041245012600057300000800183230629b xxu||||| |||| 00| 0 eng d a336.36bBAL aDebt Relief and the HIPC initiative in African CountriesbSustainable Democracy and Human RightscOccasional Paper Series a51p